[Event "11th EICC Men"]
[Site "Rijeka CRO"]
[Date "2010.03.09"]
[Round "4"]
[White "Fressinet,L"]
[Black "Berbatov,K"]
[Result "1-0"]
[WhiteElo "2670"]
[BlackElo "2481"]

1.e4 c5 2.Nf3 d6 3.Bb5+ Bd7 4.Bxd7+ Qxd7 5.c4 Nf6 6.Nc3 g6 7.d4 cxd4 8.Nxd4 Bg7
9.h3 O-O 10.Be3 Rc8 11.b3 a6 12.a4 e6 13.Rc1 d5 14.exd5 exd5 15.Nxd5 Nxd5
16.cxd5 Rxc1 17.Qxc1 Qxd5 18.Qc8+ Bf8 19.O-O b5 20.Rc1 Nd7 21.Qc6 Qxc6 22.Nxc6 bxa4
23.bxa4 f5 24.g3 Kf7 25.Na7 Ke6 26.Nc8 a5 27.Rc6+ Kd5 28.Rc7 Ke6 29.Na7 Bd6
30.Nb5 Bb4 31.Nd4+ Ke7 32.Nf3 Bd6 33.Rb7 Kd8 34.Nd2 Kc8 35.Rb5 Bb4 36.Nc4 Rb8
37.Rd5 Nf6 38.Re5 Nd7 39.Re6 Kb7 40.h4 Rc8 41.Nd6+ Bxd6 42.Rxd6 Ne5 43.Bf4 Re8
44.Bxe5 Rxe5 45.Rd7+ Kc6 46.Rxh7 Kc5 47.Rb7 Kc4 48.Kg2 Kc3 49.Rb6 Re4 50.Rxg6 Rxa4
51.Ra6 Ra1 52.h5 Kb4 53.h6 Re1 54.h7 Re8 55.Kf3 a4 56.Kf4 Rf8 57.Kg5 a3 58.Kg6 Rc8
59.Ra7  1-0

[Event "11th EICC Men"]
[Site "Rijeka CRO"]
[Date "2010.03.10"]
[Round "5"]
[White "Dubrovic,M"]
[Black "Elkin,L"]
[Result "1-0"]
[WhiteElo "1849"]
[BlackElo "2189"]

1.e4 c5 2.Nf3 d6 3.Bb5+ Bd7 4.Bxd7+ Qxd7 5.O-O Nc6 6.c3 Nf6 7.Re1 e6 8.d4 cxd4
9.cxd4 d5 10.e5 Ne4 11.a3 Be7 12.Nbd2 Nxd2 13.Bxd2 h6 14.Rc1 O-O 15.Rc3 Rfc8
16.Rd3 b5 17.h3 Qb7 18.Nh2 b4 19.a4 Bf8 20.Qg4 g6 21.h4 Qa6 22.Ree3 h5 23.Qf4 Qxa4
24.g4 Bg7 25.Rf3 Rf8 26.gxh5 Ne7 27.Ng4 Nf5 28.Qg5 Qd1+ 29.Kg2 Qe2 30.Nf6+ Bxf6
31.exf6 Qe4 32.Kh3 Rac8 33.hxg6  1-0

[Event "11th EICC Men"]
[Site "Rijeka CRO"]
[Date "2010.03.10"]
[Round "5"]
[White "Piscopo,P"]
[Black "Gajewski,G"]
[Result "0-1"]
[WhiteElo "2418"]
[BlackElo "2567"]

1.e4 c5 2.Nf3 d6 3.Bb5+ Nc6 4.O-O Bd7 5.c3 Nf6 6.Re1 a6 7.Bxc6 Bxc6 8.d4 Bxe4
9.Bg5 Bd5 10.Nbd2 e6 11.c4 Bxf3 12.Qxf3 cxd4 13.Qxb7 Be7 14.Qc6+ Kf8 15.Nb3 h6
16.Bxf6 Bxf6 17.Rad1 Rc8 18.Qxa6 e5 19.Nd2 g6 20.b4 Kg7 21.Qa3 Bg5 22.Qb3 f5
23.c5 dxc5 24.Nc4 e4 25.b5 d3 26.a4 Qd4 27.a5 f4 28.Qb2 Qxb2 29.Nxb2 c4 30.Rxe4 c3
31.Nxd3 Rhd8 32.h4 c2 33.Rc1 Rxd3 34.Ree1 Bxh4 35.b6 Rd2 36.b7 Bxf2+ 37.Kf1 Rb8
38.a6 Ba7 39.Re2 Rd1+ 40.Re1 Rxe1+ 41.Kxe1 Re8+ 42.Kd2 Re6  0-1

[Event "11th EICC Women"]
[Site "Rijeka CRO"]
[Date "2010.03.11"]
[Round "6"]
[White "Kouvatsou,M"]
[Black "Melia,S"]
[Result "0-1"]
[WhiteElo "2161"]
[BlackElo "2467"]

1.e4 c5 2.Nf3 d6 3.Bb5+ Nc6 4.c3 Nf6 5.Qe2 Bg4 6.d3 g6 7.Nbd2 Bg7 8.h3 Bd7
9.O-O O-O 10.a4 Qc7 11.Rd1 e5 12.Nf1 Nh5 13.Be3 Rae8 14.Bc4 Kh8 15.N1h2 f5
16.exf5 Rxf5 17.Qd2 Nf4 18.d4 cxd4 19.cxd4 Nxd4 20.Rac1 Nxf3+ 21.Nxf3 Bc6
22.Bxf4 Rxf4 23.Bb5 Rd8  0-1

[Event "11th EICC Men"]
[Site "Rijeka CRO"]
[Date "2010.03.11"]
[Round "6"]
[White "Katzir,M"]
[Black "Shytaj,L"]
[Result "1/2-1/2"]
[WhiteElo "2288"]
[BlackElo "2472"]

1.e4 c5 2.Nf3 d6 3.Bb5+ Nd7 4.O-O a6 5.Be2 Ngf6 6.d3 g6 7.Re1 Bg7 8.Bf1 b5
9.c3 Bb7 10.Nbd2 O-O 11.d4 cxd4 12.cxd4 e5 13.d5 Nc5 14.b4 Na4 15.Qb3 Rc8
16.Nc4 Qd7 17.Nb2 Nc3 18.Nd2 Rc7 19.f3 Rfc8 20.Qa3 Nh5 21.Nb3 f5 22.Nc5 dxc5
23.Qxc3 fxe4 24.fxe4 Nf4 25.Qf3  1/2-1/2

[Event "26th ChessOrg Schachfestival"]
[Site "Bad Woerishofen GER"]
[Date "2010.03.12"]
[Round "7"]
[White "Mainka,R"]
[Black "Abergel,T"]
[Result "0-1"]
[WhiteElo "2510"]
[BlackElo "2547"]

1.e4 c5 2.Nf3 d6 3.Bb5+ Nd7 4.c3 Nf6 5.Qe2 a6 6.Ba4 e5 7.O-O Be7 8.d4 b5
9.Bc2 O-O 10.a4 Rb8 11.Rd1 Qb6 12.axb5 axb5 13.b4 exd4 14.cxd4 cxb4 15.e5 dxe5
16.dxe5 Ng4 17.h3 Ngxe5 18.Nxe5 Nxe5 19.Qxe5 Bf6 20.Qe4 Bf5 21.Qxf5 g6 22.Qf4 Bxa1
23.Bb3 Qf6 24.Qxb4 Kg7 25.Be3 Rfd8 26.Rxd8 Rxd8 27.Na3 Bd4 28.Nc2 Bxe3 29.Nxe3 Qa1+
30.Kh2 Qe5+ 31.g3 Qb2 32.Qe7 Qxf2+ 33.Ng2 Rd2 34.Qe5+ Kh6 35.Bd5 f6 36.Qe7 Rxd5
37.Qf8+ Kg5 38.Qg8 Rd2  0-1

[Event "ITT Benko Club Argentino"]
[Site "Buenos Aires ARG"]
[Date "2010.03.13"]
[Round "7"]
[White "Granara Barreto,S"]
[Black "Quiroga,F"]
[Result "1/2-1/2"]
[WhiteElo "2209"]
[BlackElo "2334"]

1.e4 c5 2.Nf3 d6 3.Bb5+ Bd7 4.Bxd7+ Qxd7 5.O-O Nc6 6.c3 Nf6 7.Qe2 e6 8.d4 cxd4
9.cxd4 d5 10.e5 Ne4 11.Be3 Be7 12.Nbd2 Nxd2 13.Nxd2 O-O 14.f4 f5 15.Rac1 Rac8
16.a3 a6 17.g4 fxg4 18.Qxg4 Bd8 19.Nf3 Bb6 20.Kh1 Ne7 21.Nh4 Rc4 22.b3 Rxc1
23.Rxc1 Nf5 24.Nxf5 Rxf5 25.Qe2 Rf8 26.Qf3 g6 27.Qe2 Rc8 28.Rxc8+ Qxc8 29.Qd3 Bd8
30.Kg2 Kf7 31.Bd2 Be7 32.a4 Qc6 33.Kg3 Qb6 34.Kf3 Ke8 35.Be1 Bb4 36.Bc3 Qa5
37.Bb2 Qc7 38.Ke2 Qf7 39.Bc1 Qe7 40.Qh3 Kd7 41.Qh6 Qf7 42.Bd2 Bf8 43.Qh3 h5
44.Qd3 Bh6 45.Qc2 Qf5 46.Qxf5 gxf5 47.Kf3 Bf8 48.b4  1/2-1/2

[Event "11th EICC Men"]
[Site "Rijeka CRO"]
[Date "2010.03.14"]
[Round "8"]
[White "Grigoriants,S RUS"]
[Black "Areshchenko,A"]
[Result "1/2-1/2"]
[WhiteElo "2562"]
[BlackElo "2670"]

1.e4 c5 2.Nf3 d6 3.Bb5+ Nc6 4.O-O Bd7 5.Re1 Nf6 6.c3 a6 7.Bf1 Bg4 8.h3 Bxf3
9.Qxf3 g6 10.Qd1 Bh6 11.d3 Bxc1 12.Qxc1 O-O 13.Nd2 e6 14.Nf3 Kg7 15.Qe3 Rc8
16.Rad1 Qb6 17.Rd2 d5 18.e5 Ng8 19.Qf4  1/2-1/2

[Event "IGM Apatin & Vukovar"]
[Site "Banja Junakovic/Vukovar SRB/CRO"]
[Date "2010.03.16"]
[Round "3"]
[White "Nurkic,S"]
[Black "Ilincic,Z"]
[Result "1/2-1/2"]
[WhiteElo "2379"]
[BlackElo "2449"]

1.e4 c5 2.Nf3 d6 3.Bb5+ Bd7 4.Bxd7+ Qxd7 5.c4 Nf6 6.Nc3 Nc6 7.O-O g6 8.d4 cxd4
9.Nxd4 Bg7 10.Nde2 O-O 11.f3 Rfe8 12.Be3 Qd8 13.Rc1 a6 14.Qd2 Rb8 15.b3 b5
16.cxb5 axb5 17.Nd5  1/2-1/2

[Event "JNBS UWI Masters"]
[Site "Kingston JAM"]
[Date "2010.03.16"]
[Round "3"]
[White "Gareev,T"]
[Black "Margvelashvili,G"]
[Result "1/2-1/2"]
[WhiteElo "2585"]
[BlackElo "2519"]

1.e4 c5 2.Nf3 d6 3.Bb5+ Bd7 4.Bxd7+ Qxd7 5.c4 g6 6.d4 cxd4 7.Nxd4 Bg7 8.Be3 Nf6
9.f3 O-O 10.Nc3 Nc6 11.O-O Rfc8 12.b3 Nxd4 13.Bxd4 Rc6 14.Re1 a6 15.a4 e6
16.Ra2 Rd8 17.a5  1/2-1/2

[Event "11th EICC Women"]
[Site "Rijeka CRO"]
[Date "2010.03.16"]
[Round "10"]
[White "Papp,P"]
[Black "Danelia,M"]
[Result "1/2-1/2"]
[WhiteElo "2263"]
[BlackElo "2199"]

1.e4 c5 2.Nf3 d6 3.Bb5+ Bd7 4.Bxd7+ Qxd7 5.c4 Nf6 6.Nc3 g6 7.d4 cxd4 8.Nxd4 Bg7
9.h3 Nc6 10.Be3 O-O 11.O-O Rfc8 12.b3 Qd8 13.Rc1 a6 14.a4 Qa5 15.Qd3 Nd7
16.Nd5 Qd8 17.Ne2 e6 18.Ndc3 Nc5 19.Qd1 Nb4 20.Rb1 Qe7 21.Qd2 Rd8 22.Rfd1 Rac8
23.Bf4 Ncd3 24.Bg5 Bf6 25.Bxf6 Qxf6 26.Qe3 Nc5 27.Qg3 Qe5 28.Qe3 Qf6 29.Rd2 Rd7
30.Nc1 Qd8 31.N1a2 Nxa2 32.Rxa2 a5 33.Rd2 Rc6 34.Qf3 Qg5 35.Rd4 Qe5 36.Nb5 f5
37.exf5 Qxf5 38.Qxf5 gxf5 39.f3 Kg7 40.Kf2 Kf6 41.g4 e5 42.Rd5 f4 43.Nc3 Ke6
44.h4 Rg7 45.Nb5 Rd7 46.Ke2 b6 47.Nc3 Rd8 48.Ne4 h6 49.Nc3 Rd7 50.Rbd1 Kf7
51.R1d2 Ne6 52.Nb5 Nc5 53.Rd1 Ke6 54.Nc3 Kf7  1/2-1/2

[Event "11th EICC Men"]
[Site "Rijeka CRO"]
[Date "2010.03.16"]
[Round "10"]
[White "Szabo,Krisz1"]
[Black "Kargin,A"]
[Result "1-0"]
[WhiteElo "2513"]
[BlackElo "2400"]

1.e4 c5 2.Nf3 d6 3.Bb5+ Nd7 4.O-O Nf6 5.Re1 a6 6.Bf1 b6 7.d4 cxd4 8.Nxd4 Bb7
9.c4 e6 10.Nc3 Be7 11.f3 O-O 12.Be3 Qc7 13.Rc1 Rad8 14.Qd2 Qb8 15.a3 Ne5
16.Qf2 Rd7 17.b4 d5 18.exd5 exd5 19.Nf5 Nxc4 20.Bd4 Re8 21.Qh4 Bf8 22.Bxf6 gxf6
23.Bd3  1-0

[Event "Bunratty Masters"]
[Site "Bunratty IRL"]
[Date "2010.03.19"]
[Round "1"]
[White "Murray,D"]
[Black "Griffiths,R"]
[Result "0-1"]
[WhiteElo "1997"]
[BlackElo "2195"]

1.e4 c5 2.Nf3 d6 3.Bb5+ Bd7 4.Bxd7+ Qxd7 5.O-O Nf6 6.e5 dxe5 7.Nxe5 Qc8 8.d4 e6
9.Nc3 Be7 10.d5 exd5 11.Nxd5 Nxd5 12.Qxd5 O-O 13.Be3 Na6 14.Rad1 Nb4 15.Qc4 Qf5
16.Nd3 b6 17.Nxb4 cxb4 18.Rd2 Rac8 19.Qd3 Qe5 20.Bd4 Qg5 21.Re1 Rfd8 22.Rde2 Bd6
23.g3 h6 24.Qe4 Bf8 25.c3 Qa5 26.Qg4 Qxa2 27.cxb4 Qc4 28.Re4 Qd5 29.Be5 Re8
30.Bc3 Red8 31.Re5 Qc6 32.Re7 h5 33.Qg5 Rd5 34.Qf4 Bxe7  0-1

[Event "TCh-AUT 2009-10"]
[Site "Baden AUT"]
[Date "2010.03.20"]
[Round "11"]
[White "Kuba,G"]
[Black "Boensch,U"]
[Result "0-1"]
[WhiteElo "2395"]
[BlackElo "2511"]

1.e4 c5 2.Nf3 d6 3.Bb5+ Bd7 4.Bxd7+ Qxd7 5.c4 Nc6 6.Nc3 g6 7.d4 cxd4 8.Nxd4 Bg7
9.Be3 Nf6 10.f3 O-O 11.O-O e6 12.Nde2 Rfd8 13.Nf4 Rac8 14.Rc1 b6 15.Rf2 Ne5
16.b3 Qe7 17.Rd2 Bf8 18.Qe1 Rb8 19.Qf2 Qb7 20.Rcd1 Ne8 21.a4 a6 22.h3 Be7
23.Nfe2 Nd7 24.f4 Nc5 25.Ng3 Nxb3 26.Rb2 Nc5 27.e5 Qc6 28.Bxc5 dxc5 29.Rdb1 Rd4
30.a5 Bd8 31.Qf1 f5 32.exf6 Nxf6 33.Qe2 Rxf4 34.axb6 Rxb6 35.Rxb6 Bxb6 36.Rxb6 Qxb6
37.Qe5 Qb2 38.Qxe6+ Kh8 39.Nce2 Qa1+ 40.Kh2 Rh4 41.Qc8+ Kg7  0-1

[Event "Uxbridge Open"]
[Site "Uxbridge ENG"]
[Date "2010.03.20"]
[Round "2"]
[White "Quinn,R"]
[Black "White,D"]
[Result "1-0"]
[WhiteElo "2036"]
[BlackElo "1965"]

1.e4 c5 2.Nf3 d6 3.Bb5+ Bd7 4.Bxd7+ Qxd7 5.O-O Nc6 6.c3 g6 7.d4 cxd4 8.cxd4 Bg7
9.d5 Nb4 10.Nc3 Nh6 11.Bxh6 Bxh6 12.Qd4 O-O 13.Qxb4 f5 14.e5 g5 15.e6 Qe8
16.Qxb7 g4 17.Nd4 f4 18.f3 gxf3 19.Nxf3 Rb8 20.Qd7 Qg6 21.b3 Rbc8 22.Ne2 Rc2
23.Rae1 Bg5 24.Qxa7 Bf6 25.Nxf4 Bd4+ 26.Nxd4  1-0

[Event "Uxbridge Open"]
[Site "Uxbridge ENG"]
[Date "2010.03.20"]
[Round "3"]
[White "Quinn,R"]
[Black "Ociepka,A"]
[Result "0-1"]
[WhiteElo "2036"]
[BlackElo "2176"]

1.e4 c5 2.Nf3 d6 3.Bb5+ Nc6 4.O-O Bd7 5.Re1 Nf6 6.c3 a6 7.Bxc6 Bxc6 8.d4 cxd4
9.cxd4 Bxe4 10.Bg5 Bxb1 11.Rxb1 d5 12.Bxf6 gxf6 13.Nh4 e6 14.Qh5 Qd7 15.Rbc1 Kd8
16.Re3 Rc8 17.Rec3 Rxc3 18.Rxc3 Bd6 19.Qh6 Be7 20.Qg7 Rf8 21.Qxh7 f5 22.Nf3 Qa4
23.g3 Qxa2 24.Qh6 Qxb2 25.Rc1 Bd6 26.Ne5 Qa3 27.Qd2 f6 28.Nd3 Rf7 29.Nf4 Bxf4
30.Qxf4 e5 31.dxe5 fxe5 32.Qg5+ Kd7 33.Qd2 Qd6 34.Qg5 Qa3 35.Qd2 Ke6 36.Rc8 f4
37.Re8+ Kf6 38.Qxd5 Qc1+ 39.Kg2 Qc6 40.Qxc6+ bxc6 41.Ra8 Ke6 42.gxf4 Rxf4
43.Rxa6 Kd5 44.Ra8 c5 45.Rc8 c4 46.Kg3 Kd4 47.h4 c3 48.h5 Rf5 49.h6 Rh5 50.Kf3 Rxh6
51.Ke2 Rh1 52.Rd8+ Kc4 53.Rc8+ Kd4 54.Rd8+ Kc4 55.Rc8+ Kb3 56.Rb8+ Kc2 57.Rc8 Rh4
58.Rc5 Re4+ 59.Kf3 Re1 60.Rc8 Kd2 61.Rd8+ Kc1 62.Rc8 c2 63.Rc5 Kb2 64.Rb5+ Kc3  0-1

[Event "Uxbridge Open"]
[Site "Uxbridge ENG"]
[Date "2010.03.21"]
[Round "4"]
[White "Harnett,Robert"]
[Black "Bonafont,P"]
[Result "1/2-1/2"]
[WhiteElo "2010"]
[BlackElo "2115"]

1.e4 c5 2.Nf3 d6 3.Bb5+ Bd7 4.Bxd7+ Qxd7 5.b3 Nc6 6.Bb2 Nf6 7.Qe2 e6 8.O-O Be7
9.c3 O-O 10.d4 cxd4 11.cxd4 d5 12.e5 Ne4 13.Nbd2 Nxd2 14.Qxd2 f6 15.Rac1 fxe5
16.Nxe5 Nxe5 17.dxe5 Rac8 18.f4 g6 19.a4 b5 20.a5 a6 21.Bd4 Rxc1 22.Rxc1  1/2-1/2

[Event "TOP 16 GpB"]
[Site "Chalons en Champagne FRA"]
[Date "2010.03.26"]
[Round "1"]
[White "Fontaine,R"]
[Black "Benitah,Y"]
[Result "1/2-1/2"]
[WhiteElo "2548"]
[BlackElo "2377"]

1.e4 c5 2.Nf3 d6 3.Bb5+ Nd7 4.O-O Nf6 5.d4 cxd4 6.Qxd4 e5 7.Qd3 Be7 8.Bg5 O-O
9.Bxd7 Nxd7 10.Bxe7 Qxe7 11.Nc3 Nf6 12.Rad1 Rd8 13.Rd2 b6 14.Rfd1 Bb7 15.Nh4 g6
16.Qg3 Kh8 17.Qg5 Rd7 18.Re1 Rad8 19.Nf3 Kg7 20.Nh4 Kh8 21.Nf3 Kg7 22.Nh4  1/2-1/2

[Event "TOP 16 GpB"]
[Site "Clichy FRA"]
[Date "2010.03.28"]
[Round "3"]
[White "Richard,E"]
[Black "Collas,S"]
[Result "0-1"]
[WhiteElo "2116"]
[BlackElo "2313"]

1.e4 c5 2.Nf3 d6 3.Bb5+ Bd7 4.Bxd7+ Nxd7 5.O-O Ngf6 6.Re1 e6 7.c3 Be7 8.d4 O-O
9.Bg5 h6 10.Bh4 cxd4 11.Nxd4 Qb6 12.Qb3 Rfc8 13.Nd2 Qxb3 14.axb3 g5 15.Bg3 Nh5
16.f3 Nxg3 17.hxg3 Ne5 18.Kf1 a6 19.Ke2 Bf6 20.Nc2 Kg7 21.Ne3 h5 22.f4 Ng6
23.Rf1 g4 24.Ndc4 Rc6 25.Rad1 Be7 26.f5 Nf8 27.Rh1 Nh7 28.Rxh5 Nf6 29.Rh4 b5
30.Nd2 Rg8 31.Rdh1 Kf8 32.Rh6 a5 33.Rf1 e5 34.Ra1 Ra6 35.b4 a4 36.Nc2 Ne8
37.Rhh1 Bg5 38.Ne3 Nf6 39.Kd3 Kg7 40.Ndf1 Rc8 41.Nd5 Nxd5 42.exd5 e4+ 43.Kxe4 a3
44.Kd3 axb2 45.Rb1 Ra3 46.Rxb2 Raxc3+ 47.Ke2 Re8+ 48.Kd1 Rc1+  0-1

[Event "4th G. Agzamov Mem"]
[Site "Tashkent UZB"]
[Date "2010.03.29"]
[Round "7"]
[White "Sabirov,F"]
[Black "Agzamov,Vi"]
[Result "1/2-1/2"]
[WhiteElo "2346"]
[BlackElo "2270"]

1.e4 c5 2.Nf3 d6 3.Bb5+ Bd7 4.Bxd7+ Qxd7 5.c4 e6 6.Nc3 Nc6 7.d4 cxd4 8.Nxd4 Nf6
9.O-O Be7 10.b3 O-O 11.Bb2 Rfd8 12.Re1 a6 13.Nxc6 Qxc6 14.Qe2 Bf8 15.Rac1 Rac8
16.Qf3 b6 17.Qg3 Nd7 18.f4 Qb7 19.Qd3 Nc5 20.Qe2 Rb8 21.f5 Re8 22.fxe6 fxe6
23.Rcd1 b5 24.cxb5 axb5 25.b4 Nd7 26.Nb1 Rbc8 27.Rf1 Ne5 28.Bxe5 dxe5 29.a3 Rc4
30.Nd2 Rd4 31.Nf3 Rxe4 32.Qd3 g6  1/2-1/2

[Event "XXXVII Open"]
[Site "La Roda Albacete ESP"]
[Date "2010.03.31"]
[Round "1"]
[White "Maza Broto,P"]
[Black "Ortiz Suarez,I"]
[Result "0-1"]
[WhiteElo "2037"]
[BlackElo "2527"]

1.e4 c5 2.Nf3 d6 3.Bb5+ Nc6 4.O-O Bd7 5.Re1 a6 6.Bxc6 Bxc6 7.d4 cxd4 8.Qxd4 e5
9.Qd3 h6 10.c4 Nf6 11.Nc3 Be7 12.b3 O-O 13.Be3 b5 14.Nd5 Nxd5 15.cxd5 Bd7
16.Nd2 f5 17.f3 Bh4 18.Bf2 Bxf2+ 19.Kxf2 f4 20.g4 h5 21.gxh5 Qh4+ 22.Kg1 Qxh5
23.Rac1 Rac8 24.Qe2 g5 25.Kh1 g4 26.fxg4 Bxg4 27.Qf2 Kh8 28.Rc6 Rf6 29.Rxc8+ Bxc8
30.Rg1 Bg4 31.Qg2 Rg6 32.Qf2 Rg8 33.Qg2 Kh7 34.b4 Kh6 35.a3 Rg7 36.Qf2 Rc7
37.Qg2 Rc2 38.Qxg4 Qxg4 39.Rxg4 Rxd2 40.Rg8 Re2 41.Rd8 Kg5 42.Rxd6 f3  0-1

[Event "Easter Open"]
[Site "Medellin COL"]
[Date "2010.03.31"]
[Round "1"]
[White "Cordoba,J"]
[Black "Guerrero,JuC"]
[Result "0-1"]
[WhiteElo "2044"]
[BlackElo "2193"]

1.e4 c5 2.Nf3 d6 3.Bb5+ Nc6 4.Bxc6+ bxc6 5.O-O Bg4 6.d3 Nf6 7.Bg5 h6 8.Bh4 Rb8
9.b3 g5 10.Bg3 Bg7 11.Nbd2 Nd7 12.Rb1 O-O 13.Qe1 Bc3 14.Qe3 e5 15.Nc4 Qf6
16.h4 d5 17.hxg5 hxg5 18.exd5 Bxf3 19.gxf3 cxd5 20.Nb2 Kg7 21.Kg2 Rh8 22.Na4 Qf5
23.Rh1 Bd4 24.Qe2 c4  0-1

[Event "Philadelphia Open"]
[Site "Philadelphia USA"]
[Date "2010.03.31"]
[Round "1"]
[White "Hess,P"]
[Black "Belliard,L"]
[Result "0-1"]
[WhiteElo "1897"]
[BlackElo "2245"]

1.e4 c5 2.Nf3 d6 3.Bb5+ Nd7 4.c4 a6 5.Ba4 e6 6.Nc3 Nf6 7.O-O Qc7 8.Re1 Be7
9.d3 O-O 10.Bg5 h6 11.Bh4 Ne5 12.Bc2 Bd7 13.Nd2 Nc6 14.Bg3 e5 15.Nf1 Nd4
16.Ne3 Be6 17.Rc1 b5 18.b3 b4 19.Ncd5 Nxd5 20.cxd5 Bd7 21.f4 f6 22.f5 a5
23.Bf2 a4 24.Nf1 axb3 25.Bxb3 Nxb3 26.axb3 Ra3 27.Re3 Qa7 28.Rg3 Rf7 29.Be3 Kf8
30.Qg4 Ke8 31.Qh5 Bf8 32.Nd2 Bb5 33.Bf2 Ra1 34.Qd1 Rxc1 35.Qxc1 Qa2 36.h4 Ra7
37.d4 Qa1 38.Nb1 exd4 39.Be1 Ra2  0-1

[Event "11th TCh-RUS Women"]
[Site "Dagomys RUS"]
[Date "2010.04.01"]
[Round "1"]
[White "Muzychuk,M"]
[Black "Repina,V"]
[Result "0-1"]
[WhiteElo "2444"]
[BlackElo "2240"]

1.e4 c5 2.Nf3 d6 3.Bb5+ Nc6 4.O-O Bd7 5.Re1 Nf6 6.c3 a6 7.Ba4 b5 8.Bc2 Bg4
9.d3 e6 10.Nbd2 Be7 11.h3 Bh5 12.Nf1 d5 13.Ng3 Bg6 14.Nh4 c4 15.Nxg6 hxg6
16.dxc4 dxc4 17.Qe2 Nd7 18.f4 g5 19.f5 Bc5+ 20.Be3 Nce5 21.fxe6 fxe6 22.Bxc5 Nxc5
23.Qe3 Ncd3 24.Bxd3 cxd3 25.Qc5 Qb8 26.Re3 Ra7 27.a4 bxa4 28.Rxa4 d2 29.Rd4 Rd7
30.Rxd7 Kxd7 31.Qd4+ Qd6 32.Qa4+ Kc8 33.Qd1 Nc4 34.Re2 Qxg3 35.b3 Ne5 36.Rxd2 Qe3+
37.Kh1 Qxe4 38.Re2 Rxh3+ 39.Kg1 Re3 40.Rxe3 Qxe3+ 41.Kh1 g4 42.Qd6 g3 43.Qxe6+ Kd8
44.Qd5+ Ke7 45.Qb7+ Kf8 46.Qa8+ Kf7 47.Qd5+ Kf6 48.Qd6+ Kf5 49.Qf8+ Ke4 50.Qa8+ Kd3
51.Qxa6+ Kxc3 52.Qa1+ Kc2 53.Qa2+ Kd1 54.Qa1+ Qc1 55.Qxc1+ Kxc1 56.b4 Kc2
57.b5 Nd7 58.Kg1 Kd2 59.Kf1 Nb6 60.Kg1 Ke2 61.Kh1 Kd3 62.Kg1 Kc4 63.Kf1 Kd3
64.Ke1 Nd5 65.Kf1 Kd2 66.Kg1 Ke2 67.b6 Nxb6 68.Kh1 Nd5 69.Kg1 Nf4 70.Kh1 Nh3  0-1

[Event "11th TCh-RUS Women"]
[Site "Dagomys RUS"]
[Date "2010.04.01"]
[Round "1"]
[White "Muzychuk,A"]
[Black "Romanko,M"]
[Result "1/2-1/2"]
[WhiteElo "2533"]
[BlackElo "2409"]

1.e4 c5 2.Nf3 d6 3.Bb5+ Nc6 4.d4 cxd4 5.Qxd4 Bd7 6.Bxc6 Bxc6 7.Nc3 Nf6 8.Bg5 e6
9.O-O-O Be7 10.Qd3 Qa5 11.Kb1 O-O 12.h4 h6 13.Bd2 Qa6 14.Nd4 Qxd3 15.cxd3 Ng4
16.Nxc6 bxc6 17.Rdf1 Bf6 18.f3 Ne5 19.Kc2 h5 20.Ne2 c5 21.Bc3 Rab8 22.Rhg1 d5
23.b3 Rfd8 24.exd5 exd5 25.Rd1 d4 26.Ba5 Re8 27.Nf4 Bxh4 28.Rh1 Bg5 29.Bd2 h4
30.Rde1 Nc6 31.Nd5 Bxd2 32.Kxd2 Rxe1 33.Rxe1 g5 34.Rc1 Nb4 35.Rxc5 Nxa2 36.Ra5 Nb4
37.Nxb4 Rxb4 38.Rxg5+ Kh7 39.Rh5+ Kg6 40.Rxh4 Rxb3 41.Rxd4 Rb2+ 42.Ke3 Rxg2
43.Ra4 Rb2 44.Rxa7 Kf6 45.Ra6+ Ke7 46.Ra3 Rb1 47.Ke4 Rb6 48.Ra5 Ke6 49.f4 Rb4+
50.Ke3 f5 51.Ra6+ Ke7 52.Rc6 Ra4 53.Rc4 Ra5 54.Kd4 Kd6 55.Rb4 Rd5+ 56.Kc3 Rc5+
57.Kd2 Ra5 58.Ke3 Kc6 59.Rd4 Ra8 60.Kf2 Rh8 61.Kg3 Rg8+ 62.Kf3 Rh8 63.Ra4 Rh3+
64.Ke2 Kd6 65.Ra6+ Ke7 66.Rb6 Kf7 67.Rd6 Ke7 68.Rd4 Kf6 69.Kd2 Kg6 70.Ra4 Rf3
71.Ke2 Rh3 72.Ra8 Kf6 73.Ra6+ Kf7 74.Rc6 Kg7 75.Rc1 Kf6 76.Rc6+ Kg7 77.d4 Kf7
78.Rc5 Kf6 79.Rc6+ Ke7 80.d5 Ra3 81.Re6+ Kf7 82.Re3 Ra4 83.Kf3 Rd4 84.Re5 Kf6
85.Kg3 Rd1 86.Re6+ Kf7 87.Kh4 Rxd5 88.Ra6 Rb5 89.Kg5 Rc5 90.Ra7+ Kf8 91.Kg6 Rc6+
92.Kxf5 Rb6 93.Kg5 Kg8 94.f5 Kf8 95.Rh7 Kg8 96.Rh4 Kf7 97.Rc4 Ra6 98.Rc7+ Kf8
99.f6 Ra1 100.Kf5 Rf1+ 101.Ke6 Re1+ 102.Kf5 Rf1+ 103.Ke4  1/2-1/2

[Event "22nd Kreuz-Open"]
[Site "Lenk SUI"]
[Date "2010.04.01"]
[Round "1"]
[White "Belezky,A"]
[Black "Pardey,K"]
[Result "1-0"]
[WhiteElo "2452"]
[BlackElo "1988"]

1.e4 c5 2.Nf3 d6 3.Bb5+ Bd7 4.Bxd7+ Qxd7 5.O-O Nc6 6.c3 Nf6 7.d4 cxd4 8.cxd4 g6
9.d5 Na5 10.Nc3 Nc4 11.Qd3 Rc8 12.b3 Nb6 13.Bb2 Bg7 14.e5 dxe5 15.Nxe5 Qf5
16.Qb5+ Nfd7 17.f4 a6 18.Qb4 h5 19.Rae1 O-O 20.Qxe7 Rfe8 21.Qb4 Bf8 22.d6 f6
23.Nxd7 Nxd7 24.Rxe8 Rxe8 25.Qxb7 Bxd6 26.Qxa6 Bc5+ 27.Kh1 h4 28.Qc4+ Kg7
29.h3 Re3 30.Kh2 g5 31.Qd5 Ne5 32.b4 Rxh3+ 33.gxh3 Ng4+ 34.hxg4 Qxg4 35.Qg2  1-0

[Event "Easter Open"]
[Site "Medellin COL"]
[Date "2010.04.01"]
[Round "2"]
[White "Tovio,I"]
[Black "Reyes Rios,Juan Camilo"]
[Result "1/2-1/2"]
[WhiteElo "2290"]
[BlackElo "1985"]

1.e4 c5 2.Nf3 d6 3.Bb5+ Bd7 4.Bxd7+ Qxd7 5.O-O Nc6 6.c3 Nf6 7.d4 e6 8.d5 Ne5
9.dxe6 Nxf3+ 10.Qxf3 fxe6 11.e5 dxe5 12.Rd1 e4 13.Qe2 Qc6 14.Bg5 Be7 15.Bxf6 Bxf6
16.Nd2 O-O 17.Qxe4 Qd5 18.Qe2 Rad8 19.Nc4 Qc6 20.Re1 Rfe8 21.Rad1 Rxd1 22.Rxd1 Rd8
23.Re1 Qd5 24.g3 Kf7 25.a3  1/2-1/2

[Event "Doeberl Cup"]
[Site "Canberra AUS"]
[Date "2010.04.02"]
[Round "4"]
[White "Bojkov,D"]
[Black "Li Chao"]
[Result "0-1"]
[WhiteElo "2521"]
[BlackElo "2320"]

1.e4 c5 2.Nf3 d6 3.Bb5+ Bd7 4.Bxd7+ Qxd7 5.c4 Nf6 6.Nc3 g6 7.O-O Bg7 8.d4 cxd4
9.Nxd4 O-O 10.Be3 Nc6 11.f3 a6 12.a4 e6 13.Qd2 Na5 14.Qd3 Rac8 15.b3 e5 16.Nde2 Nxb3
17.Rad1 Qc6 18.Qxd6 Qxc4 19.Bg5 Rc6 20.Qe7 b5 21.axb5 axb5 22.Rd8 Re6 23.Rxf8+ Bxf8
24.Qd8 b4 25.Nd5 Nxd5 26.exd5 Rd6 27.Qe8 Qc5+ 28.Kh1 Rxd5 29.Ng3 Qb5 30.Qa8 Nd4
31.Ra1 f5 32.Be7 Ne6 33.Bxb4 Rd8 34.Qa2 Qd5 35.Qxd5 Rxd5 36.Bxf8 Kxf8 37.Nf1 h5
38.Kg1 Rb5 39.Ra2 Ke7 40.Kf2 Nf4 41.Nd2 Nd3+ 42.Ke3 Nb4 43.Ra7+ Ke6 44.g3 g5
45.Rh7 Nd5+ 46.Kd3 Nf6 47.Ra7 g4 48.Ra6+ Ke7 49.Ra7+ Nd7 50.Ke3 Ke6 51.Ra6+ Rb6
52.Ra5 Rc6 53.Ra8 Nf6 54.Ke2 Kd5 55.Rd8+ Rd6 56.Ra8 Rc6 57.Rd8+ Ke6 58.Ra8 gxf3+
59.Nxf3 Rb6 60.Ng5+ Ke7 61.Ra7+ Nd7 62.Nf3 Ke6 63.Ng5+ Kf6 64.Ne4+ Ke7 65.Nc5 Rd6
66.h3 Rd5 67.Nxd7 Rxd7 68.Ra8 h4 69.g4 f4 70.Rh8 e4 71.Rxh4 f3+ 72.Ke1 Rd3
73.g5 e3 74.Re4+ Kd7 75.g6 f2+ 76.Ke2 Rd2+  0-1

[Event "Doeberl Cup"]
[Site "Canberra AUS"]
[Date "2010.04.03"]
[Round "5"]
[White "Wallis,C"]
[Black "Matheson,L"]
[Result "0-1"]
[WhiteElo "2246"]
[BlackElo "2062"]

1.e4 c5 2.Nf3 d6 3.Bb5+ Bd7 4.Bxd7+ Qxd7 5.c4 Nc6 6.d4 cxd4 7.Nxd4 Nf6 8.Nc3 g6
9.f3 Bg7 10.Nde2 O-O 11.O-O Rfd8 12.Qd2 a6 13.b3 b5 14.cxb5 axb5 15.Bb2 Qb7
16.Nd5 Ne5 17.Rfc1 Nxd5 18.exd5 Nd3 19.Bxg7 Nxc1 20.Bb2 Nxe2+ 21.Qxe2 Qxd5
22.Qxe7 Qe6 23.Qh4 Re8 24.h3 Rac8 25.Kh2 Rc2 26.Bd4 Qe2 27.Qg3 Qd2 28.Bf6 Re6
29.Bh4 Re2 30.Rg1 Rxa2 31.f4 Qd5 32.Bf6 Rf2 33.Kh1 Qf5 34.Bg5 f6 35.Bh6 Qh5
36.Qe3 Rfe2 37.Qd3 Rad2 38.Qc3 Qxh6 39.Ra1 Qf8 40.Qc6 Ra2 41.Rd1 Rxg2 42.Rxd6 Rgd2
43.Rxd2 Rxd2 44.Qxb5 Qc8  0-1

[Event "ch-WLS"]
[Site "Cardiff WLS"]
[Date "2010.04.04"]
[Round "4"]
[White "Kett,T"]
[Black "Jones,RS"]
[Result "0-1"]
[WhiteElo "2240"]
[BlackElo "2332"]

1.e4 c5 2.Nf3 d6 3.Bb5+ Nc6 4.O-O Bd7 5.Re1 Nf6 6.c3 a6 7.Bf1 Bg4 8.d4 cxd4
9.cxd4 e5 10.d5 Nd4 11.Be3 Nxf3+ 12.gxf3 Bh5 13.Nd2 Be7 14.Qb3 Qd7 15.Rac1 O-O
16.Rc3 Bd8 17.Bb6 Ne8 18.Nc4 Qe7 19.Na5 f5 20.exf5 Qg5+ 21.Bg2 Rxf5 22.Bxd8 Rxd8
23.Qxb7 Bxf3 24.Rxf3 Rxf3 25.Nc6 Rf7 26.Qxa6 Rdd7 27.Qc8 Kf8 28.Nd4 Qd2 29.Ne6+ Ke7
30.Qc1 Rxf2 31.Bh3 Rxh2 32.Qxd2 Rxd2 33.Rf1 Ra7 34.Ng5 Nf6  0-1

[Event "33rd Open"]
[Site "Donostia ESP"]
[Date "2010.04.04"]
[Round "9"]
[White "Argandona Riveiro,I"]
[Black "Bae,T"]
[Result "1-0"]
[WhiteElo "2388"]
[BlackElo "2414"]

1.e4 c5 2.Nf3 d6 3.Bb5+ Nd7 4.d4 Nf6 5.Nc3 a6 6.Bxd7+ Nxd7 7.Bg5 h6 8.Bh4 g5
9.Bg3 Bg7 10.dxc5 Nxc5 11.Qd2 Qa5 12.Nd5 Qxd2+ 13.Nxd2 Be6 14.Nc7+ Kd7 15.Nxa8 Rxa8
16.e5 dxe5 17.O-O-O Kc6 18.Rhe1 f6 19.Nb3 Nxb3+ 20.axb3 b5 21.b4 a5 22.bxa5 Rxa5
23.Kd2 h5 24.h3 b4 25.Ra1 Rd5+ 26.Ke2 Rc5 27.Ra6+ Kd7 28.Rd1+ Bd5 29.Ke1 Kc7
30.f3 Bb7 31.Bf2 Rxc2 32.Re6 Bf8 33.Bb6+ Kb8 34.Ba5 g4 35.hxg4 hxg4 36.fxg4 Bh6
37.Rd8+ Bc8 38.Rxe7 b3 39.Bb4 Bc1 40.Bd6+ Ka8 41.Bc7 Kb7 42.Bxe5+ Ka6 43.Bxf6 Bxg4
44.Ra8+ Kb5 45.Rb8+ Kc6 46.Rxb3 Bd2+ 47.Kf1 Ba5 48.Bc3 Bb6 49.Be1 Kd6 50.Re4  1-0

[Event "ch-WLS"]
[Site "Cardiff WLS"]
[Date "2010.04.05"]
[Round "6"]
[White "Van Kemenade,R"]
[Black "Khanna,P"]
[Result "1-0"]
[WhiteElo "1983"]
[BlackElo "2023"]

1.e4 c5 2.Nf3 d6 3.Bb5+ Bd7 4.Bxd7+ Nxd7 5.O-O g6 6.c3 Ngf6 7.Re1 Bg7 8.d4 cxd4
9.cxd4 e6 10.Nc3 O-O 11.h3 Nb6 12.a4 Rc8 13.Bg5 Qd7 14.a5 Nc4 15.Qe2 b6 16.axb6 axb6
17.Rec1 Na5 18.Nd2 Nc6 19.Be3 Qb7 20.f4 Rfe8 21.e5 dxe5 22.dxe5 Nd5 23.Nxd5 exd5
24.Qd3 Ne7 25.Qb5 d4 26.Bxd4 Rxc1+ 27.Rxc1 Rd8 28.Nf3 Nd5 29.f5 Nf4 30.Rc3 Rxd4
31.Qe8+ Bf8 32.Rc8 Nxh3+ 33.Kh2  1-0